000 00923cab a2200289 4500
001 ABS48878
008 090401t1993 xxu||||| |||| 00| 0 eng d
035 _a(Sirsi) u68952
041 _aeng
100 _aThaddeus, D.
245 _aBusiness rates and waste disposal
260 _c1993
350 _a0
490 _aWaste Planning
_vJune 1993, 22-24(3)
520 _aRuns through rating changes introduced in 1990 and how they have affected landfill sites. Touches on the 1995 revaluation, transitional relief, tipping royalties and factors, such as liability, influencing the calculation of the RV.
650 _aBUSINESS RATES
650 _aLANDFILL SITES
650 _aRATEABLE OCCUPATION
650 _aRATING
650 _aREVALUATION
650 _aROYALTIES
650 _aTIPPING SITES
650 _aWASTE DISPOSAL SITES
690 _aRATING AND VALUATION
942 _n0
948 _c04/03/1997
999 _c43295
_d43295